000 00449nam a2200121Ia 4500
008 220615s9999||||xx |||||||||||||| ||und||
245 0 _aOpen to Disruption
_bTime and Craft in the Practice of Slow Sociology
546 _aEnglish[eng]
650 _aSocial Science||Sociology
700 _aGarey, Anita Ilta||Nelson, Margaret K.||Hertz, Rosanna
856 _uhttps://library.oapen.org/bitstream/20.500.12657/46321/1/external_content.epub
942 _cEB
999 _c16117
_d16117